000 00911nas a2200289 4500
001 BR2022000437
003 BR-BrBNA
005 20231205132244.0
007 ta
008 230509b bl.|||p| |||| 00| 00por d
040 _aBR-BrBNA
_bpor
_cBiblioteca Nacional de Agricultura
041 _a(En)
072 _aF01; P06
100 1 _aBassegio, D.
100 1 _aZanotto, M.D.
245 1 _aGrowth, yield, and oil content of Brassica species under Brazilian tropical conditions
650 _aCOLZA
650 _aCONDIÇÃO AMBIENTAL
650 _aCRESCIMENTO
650 _aRENDIMENTO
650 _aÓLEO VEGETAL
650 _aBIODIESEL
773 0 _tBragantia (Brazil)
_xISSN 1678-4499
_g(Apr-Jun 2020), v. 79(2) p. 203-212
_wBR2022000437
856 4 0 _uhttps://www.scielo.br/j/brag/a/VPXdqLGNrRzkgCLg4ygZH6d/?format=pdf lang=en
909 _a202311
_bLúcia
_c55
_dLúcia Elande
942 _2AGRIS
_n0
_cANA
999 _c259322
_d259322